000 00689nam a2200217 a 4500
001 BRL_844
005 20190320210924.0
008 181013s1957----nyua######---#000-0#eng-#
020 _a0486203026
041 _aeng
044 _anyu
050 4 _aNK1510
_b.S35 1957
100 1 _aSales Meyer, Franz
_d1849-
_925110
245 1 0 _aHandbook of Ornament
_ba grammar of art industrial and architectural designing in all its branches for practical as well as theorical use
_cby Franz Sales Meyer.
260 _aNew York
_bDover Publications
_c1957
300 _axiv, 548 p.
_bil.
_c20 cm.
500 _aAu968
650 1 4 _aDecoración y ornamentación
_93592
902 _aGRL
942 _2lcc
_cB
999 _c9656
_d9656